000 00312nam a2200121Ia 4500
008 220204s9999 xx 000 0 und d
082 _a065
_bGRO
100 _aGroff, Gene K
245 0 _aOperations management: Selected readings
260 _aBombay
_bTaraporevala
_c1975
700 _aMuth, John F
942 _cBK
999 _c30355
_d30355